000 00521cam a2200193 4500
001 6680
005 20250411135649.0
008 250411b |||||||| |||| 00| 0 eng d
010 _a 2016297775
020 _a9780449149980
082 _aFIC 815.54 McC
100 _aMcCrumb, Sharyn.
245 0 4 _aIf I'd killed him when I met him.
264 1 _aNew York :
_bFawcett Gold Medal,
_c1996.
300 _a273 p. ;
_c20 cm.
_bill. ;
490 1 _a[Oxford books of prose & verse]
651 _2Fiction.
942 _2ddc
_cFIC
999 _c10212
_d10213